000 01259cam a22003857a 4500
003 CHAP
005 20220817044108.0
008 060410s2005 it a rn 00010 spa d
010 _a92026
011 _a92998
020 _a9253050721
035 _a103565
040 _cCHAP
090 _aFolleto 17033 v.2
110 2 _aFAO
245 1 4 _aLos medios de vida crecen en los huertos :
_bdiversificación de los ingresos rurales mediante las huertas familiares
_cpor Chris Landon-Lane
260 _aRoma :
_bFAO,
_c2005.
300 _a42 p. :
_bilus.
490 0 _aFolleto de la FAO sobre diversificación
_v; 2
590 _aBATCH-UPD
_b10
_c20130110
_lUCH01
_h1224
590 _aBATCH-UPD
_b10
_c20130410
_lUCH01
_h0757
590 _aBATCH-UPD
_b10
_c20130914
_lUCH01
_h1233
590 _aCONVERSION
_b10
_c20130109
_lUCH01
_h1351
650 1 4 _aEconomía doméstica.
650 1 4 _aHuertos familiares.
_956726
650 1 4 _aJardinería.
_961143
650 1 4 _aJardines.
_961147
650 1 4 _aPlantas ornamentales.
700 0 _aLandon Lane, Chris.
_964704
830 0 0 _aFolleto de la FAO sobre diversificación
_v; 2
_942040
901 _aBK
905 _aLilia
942 _cFOLL
949 _aFolleto 17033 v.2
_bBC
_cFAO
_d33724000984621
_eFAO1
_i103565
_sb
999 _c92026
_d92026